[Event "Lichtenberger Sommer 2016"]
[Site "?"]
[Date "2016.08.15"]
[Round "3.79"]
[White "Stark, Steven"]
[Black "Ziems, Michael"]
[Result "0-1"]
[WhiteElo "1475"]
[BlackElo "1802"]
[PlyCount "183"]
[EventDate "2016.??.??"]
[WhiteTeam "BSC Rehberge"]
[BlackTeam "SV Empor Berlin"]

1. e4 e6 2. Nf3 d5 3. e5 c5 4. Be2 Nc6 5. d4 Qb6 6. c3 f6 7. O-O Bd7 8. b3 Be7
9. Bf4 fxe5 10. Bxe5 Nf6 11. Bxf6 gxf6 12. a3 Rg8 13. b4 cxd4 14. cxd4 Rc8 15.
Qd3 f5 16. Nbd2 Bf6 17. Nb3 Ke7 18. Rac1 Rg7 19. Kh1 Rcg8 20. Rg1 a6 21. Qc3
Rg4 22. Rcd1 Na7 23. Qc5+ Qxc5 24. Nxc5 Bc6 25. Ne5 Rh4 26. g3 Rh3 27. Bf1 Rh5
28. Nxc6+ Nxc6 29. Nxb7 Nxd4 30. Bg2 Nb5 31. Rd3 Rc8 32. Re1 d4 33. Bf3 Rh6 34.
Nc5 e5 35. Bb7 Rb8 36. Bxa6 e4 37. Bxb5 Rxb5 38. f3 e3 39. Re2 Kd6 40. Nb3 Kd5
41. Rexe3 Kc4 42. Na5+ Rxa5 43. bxa5 dxe3 44. Rxe3 Bd4 45. Re8 Ra6 46. Re7 h6
47. Rh7 Kd3 48. Kg2 Be3 49. f4 Bd2 50. Rd7+ Ke3 51. Re7+ Kd3 52. Rh7 Bxa5 53.
Rd7+ Ke4 54. Re7+ Kd4 55. Re5 Bd2 56. Rxf5 Bc1 57. a4 Bd2 58. Kf3 Re6 59. Rh5
Rf6 60. Re5 Bc3 61. Re4+ Kd5 62. Re7 Bd4 63. Rb7 Ra6 64. Rh7 Rf6 65. Kg4 Bg1
66. Kh3 Ke4 67. Kg2 Bd4 68. Re7+ Kf5 69. Kf3 Ra6 70. g4+ Kf6 71. Rc7 Rxa4 72.
Rc6+ Kg7 73. f5 Be5 74. Rg6+ Kh7 75. h3 Rf4+ 76. Ke3 Ra4 77. Re6 Bf4+ 78. Kf3
Bg5 79. Rc6 Kg7 80. Rc3 Kf6 81. Rc6+ Kg7 82. Rg6+ Kh7 83. Rc6 Ra3+ 84. Ke4 Re3+
85. Kd5 Rxh3 86. Ke6 Re3+ 87. Kf7 Re7+ 88. Kf8 Re4 89. Kf7 Rxg4 90. Rc8 Rf4 91.
Ke6 Re4+ 92. Kd5 0-1

[Event "Lichtenberger Sommer 2016"]
[Site "?"]
[Date "2016.08.15"]
[Round "3.80"]
[White "Schiering, Manfred"]
[Black "Gräbnitz, Marc-Florian"]
[Result "1-0"]
[WhiteElo "1671"]
[BlackElo "1320"]
[PlyCount "119"]
[EventDate "2016.??.??"]
[WhiteTeam "vereinslos"]
[BlackTeam "SC Eintracht Berlin"]

1. c4 e5 2. Nc3 Nc6 3. Nf3 g6 4. d3 Bg7 5. g3 d6 6. Bg2 Nge7 7. O-O O-O 8. Rb1
Bf5 9. b4 a6 10. a4 Na7 11. Nh4 Rb8 12. Nxf5 Nxf5 13. b5 axb5 14. axb5 Nc8 15.
Ba3 Nce7 16. e3 c6 17. Qb3 c5 18. Bb2 Qc7 19. Ra1 Ra8 20. Ra2 Rxa2 21. Qxa2 Nh6
22. Ra1 f5 23. Qa5 Qxa5 24. Rxa5 f4 25. Nd5 Nxd5 26. Bxd5+ Kh8 27. exf4 exf4
28. Bxg7+ Kxg7 29. Ra7 Rb8 30. Bxb7 fxg3 31. hxg3 Nf5 32. Bd5+ Kh6 33. Kg2 Nd4
34. Ra8 Rxa8 35. Bxa8 Ne6 36. b6 Nd8 37. Be4 Kg5 38. b7 Nxb7 39. Bxb7 Kf5 40.
f4 Kg4 41. Bf3+ Kf5 42. Kh3 h6 43. Be4+ Kf6 44. g4 g5 45. Kg3 Ke6 46. Kf3 Kf6
47. Bd5 Ke7 48. Ke4 Kf6 49. Bc6 Ke6 50. fxg5 hxg5 51. Be8 Kf6 52. Kd5 Ke7 53.
Bg6 Kd7 54. Bf5+ Kc7 55. Ke6 Kc6 56. Be4+ Kc7 57. Ke7 Kb6 58. Kxd6 Ka7 59. Kxc5
Kb8 60. Kd6 1-0

[Event "Lichtenberger Sommer 2016"]
[Site "?"]
[Date "2016.08.15"]
[Round "3.81"]
[White "Stiemerling, Andreas"]
[Black "Toth, Hans-Jürgen"]
[Result "1-0"]
[WhiteElo "1752"]
[BlackElo "1623"]
[PlyCount "109"]
[EventDate "2016.??.??"]
[WhiteTeam "SSV Rotation Berlin"]
[BlackTeam "SF Zehdenick"]

1. c4 f5 2. d4 Nf6 3. g3 e6 4. Bg2 d5 5. b3 c6 6. Nf3 Nbd7 7. O-O Ne4 8. Bf4
Be7 9. Nbd2 O-O 10. Ne5 Nxe5 11. Bxe5 Bd6 12. Nf3 Qe7 13. Qc2 Bd7 14. c5 Bxe5
15. Nxe5 Be8 16. b4 a6 17. f3 Nf6 18. e4 Nd7 19. exd5 Nxe5 20. dxe5 cxd5 21. a4
Bc6 22. Rfd1 Rad8 23. Rd4 Be8 24. Bf1 Rc8 25. Rc1 Bg6 26. f4 Qc7 27. Qb3 Be8
28. Rd2 Qd7 29. b5 axb5 30. axb5 Qe7 31. Rdc2 Bd7 32. c6 bxc6 33. bxc6 Rb8 34.
Qe3 Bc8 35. Qc5 Qxc5+ 36. Rxc5 Kf7 37. Ra5 Re8 38. Rc2 Re7 39. Bb5 Rc7 40. Kf2
Rb6 41. Ke3 Ke7 42. Kd4 Kd8 43. Kc5 Rbb7 44. Kd6 Ra7 45. Rca2 Rxa5 46. Rxa5 h6
47. h4 g5 48. fxg5 hxg5 49. hxg5 Rg7 50. Ra8 d4 51. Ba6 Rc7 52. g6 d3 53. g7
Rxc6+ 54. Kxc6 d2 55. g8=Q+ 1-0

[Event "Lichtenberger Sommer 2016"]
[Site "?"]
[Date "2016.08.15"]
[Round "3.82"]
[White "Klühs, Isabel"]
[Black "Milare, Tyron"]
[Result "1/2-1/2"]
[WhiteElo "1095"]
[BlackElo "1788"]
[PlyCount "70"]
[EventDate "2016.??.??"]
[WhiteTeam "Borussia Friedrichsfelde"]
[BlackTeam "Potsdamer SV"]

1. d4 Nf6 2. Nd2 d5 3. Ngf3 e6 4. e3 Be7 5. Bd3 O-O 6. O-O Nbd7 7. e4 dxe4 8.
Nxe4 c5 9. Nxf6+ Bxf6 10. c3 Qc7 11. Be3 Rd8 12. Qc2 h6 13. Rfd1 b6 14. Be4 Bb7
15. Bxb7 Qxb7 16. dxc5 Nxc5 17. Rxd8+ Rxd8 18. Bxc5 bxc5 19. Re1 c4 20. h3 Rb8
21. Re2 Qb6 22. Qa4 Qc5 23. Qd7 Qa5 24. a3 Qc5 25. Qd2 Rd8 26. Qc2 Qb5 27. Rd2
Rb8 28. Nd4 Bxd4 29. cxd4 Rc8 30. Qc3 Qb3 31. Qxb3 cxb3 32. Rd3 Rb8 33. Kh2 a5
34. Kg3 a4 35. Rc3 Kf8 1/2-1/2

[Event "Lichtenberger Sommer 2016"]
[Site "?"]
[Date "2016.08.15"]
[Round "3.83"]
[White "Fontaine, Constantin"]
[Black "Weber, Gerald"]
[Result "1-0"]
[WhiteElo "1527"]
[BlackElo "1609"]
[PlyCount "63"]
[EventDate "2016.??.??"]
[WhiteTeam "SK Tempelhof 1931"]
[BlackTeam "SSV Rotation Berlin"]

1. d4 d5 2. Nc3 Nf6 3. Bg5 Nbd7 4. Nf3 e6 5. e4 dxe4 6. Nxe4 c6 7. Bd3 h6 8.
Bxf6 Nxf6 9. O-O Be7 10. c3 O-O 11. Ne5 Nd7 12. f4 Qc7 13. Qg4 f5 14. Qg6 Nf6
15. Ng3 Bd7 16. Nh5 Nxh5 17. Qxh5 Bf6 18. Rf3 Be8 19. Qh3 Bxe5 20. fxe5 Qf7 21.
Bc4 Kh7 22. Raf1 b5 23. Bb3 a5 24. Rxf5 Qxf5 25. Rxf5 exf5 26. e6 a4 27. Bc2
Bg6 28. Qf3 Rac8 29. c4 Rfe8 30. Bxf5 Rc7 31. Bxg6+ Kxg6 32. Qg3+ 1-0

[Event "Lichtenberger Sommer 2016"]
[Site "?"]
[Date "2016.08.15"]
[Round "3.84"]
[White "Kapp, Frank"]
[Black "Petersen, Sophie"]
[Result "1-0"]
[WhiteElo "1913"]
[BlackElo "1014"]
[PlyCount "61"]
[EventDate "2016.??.??"]
[WhiteTeam "TSV IFA Chemnitz"]
[BlackTeam "SV Rüdersdorf"]

1. d4 d5 2. Bf4 Nf6 3. Nf3 Bf5 4. e3 e6 5. Bd3 Be7 6. O-O Nbd7 7. Nbd2 O-O 8.
Rc1 c6 9. Re1 Ne4 10. Bxe4 dxe4 11. Ne5 Nxe5 12. Bxe5 Bd6 13. Nc4 Bxe5 14. dxe5
b5 15. Nd6 Rb8 16. Qd4 Ra8 17. c4 a6 18. c5 Qd7 19. Red1 Rfd8 20. Nxf5 Qxd4 21.
Nxd4 Rac8 22. Nxc6 Re8 23. Rd6 h6 24. Na5 Ra8 25. c6 Rac8 26. Rcd1 Kh7 27. Rd7
Kg6 28. c7 Rf8 29. Rd8 Kh7 30. Rxf8 Rxf8 31. Rd8 1-0

[Event "Lichtenberger Sommer 2016"]
[Site "?"]
[Date "2016.08.15"]
[Round "3.85"]
[White "Mayer, Herbert"]
[Black "Goroll, Hans-Juergen"]
[Result "1-0"]
[WhiteElo "1900"]
[BlackElo "1647"]
[PlyCount "63"]
[EventDate "2016.??.??"]
[WhiteTeam "SC Rochade (Berlin)"]
[BlackTeam "Umweltbundesamt (FV Schach)"]

1. c4 e6 2. Nf3 Nf6 3. Nc3 d5 4. e3 Bb4 5. Qa4+ Nc6 6. cxd5 exd5 7. Bb5 Bxc3 8.
Bxc6+ bxc6 9. Qxc6+ Bd7 10. Qxc3 O-O 11. b3 Ne4 12. Qd4 Be6 13. Bb2 Nf6 14. O-O
Qe7 15. Qh4 Qd8 16. Ng5 h6 17. Nxe6 fxe6 18. Rac1 Qd6 19. Bd4 Rf7 20. Rc2 Ne4
21. d3 c5 22. Bb2 Nf6 23. Rfc1 Nd7 24. Ba3 Rc8 25. d4 Qa6 26. Bxc5 Nxc5 27.
dxc5 Qc6 28. h3 Kh7 29. Qd4 a5 30. a3 Rf5 31. Qd3 Rcf8 32. g4 1-0

[Event "Lichtenberger Sommer 2016"]
[Site "?"]
[Date "2016.08.15"]
[Round "3.86"]
[White "Völler, Lothar"]
[Black "Klühs, Gustaf"]
[Result "1/2-1/2"]
[WhiteElo "1778"]
[BlackElo "1407"]
[PlyCount "76"]
[EventDate "2016.??.??"]
[WhiteTeam "FS Dortmund"]
[BlackTeam "Borussia Friedrichsfelde"]

1. c4 e6 2. d4 Bb4+ 3. Nc3 f5 4. Bd2 Nf6 5. a3 Bxc3 6. Bxc3 b6 7. Nf3 Bb7 8. e3
d6 9. Be2 Nbd7 10. b4 Qe7 11. h3 Ne4 12. Bb2 Ndf6 13. a4 O-O 14. Ba3 Nc3 15.
Qc2 Nfe4 16. b5 Nxe2 17. Qxe2 Qd7 18. Bb4 Rf6 19. c5 bxc5 20. dxc5 dxc5 21. Ne5
Qe8 22. Ba5 c6 23. Rd1 cxb5 24. Qxb5 Qxb5 25. axb5 Bd5 26. O-O Nd6 27. b6 axb6
28. Bxb6 Nc4 29. Nxc4 Bxc4 30. Rfe1 Bb3 31. Rc1 c4 32. Bd4 Rf7 33. e4 Rd7 34.
Be5 Rd3 35. exf5 exf5 36. Bc3 Rf8 37. Re7 Rf7 38. Re8+ Rf8 1/2-1/2

[Event "Lichtenberger Sommer 2016"]
[Site "?"]
[Date "2016.08.15"]
[Round "3.87"]
[White "Andresen, Klaus"]
[Black "Schmole-Rostosky, Joachim"]
[Result "1-0"]
[WhiteElo "1559"]
[BlackElo "1580"]
[PlyCount "55"]
[EventDate "2016.??.??"]
[WhiteTeam "Niendorfer TSV"]
[BlackTeam "SF SW Merzhausen"]

1. d4 Nf6 2. c4 g6 3. Nc3 Bg7 4. Nf3 d6 5. e4 O-O 6. Bd3 c6 7. O-O Nbd7 8. h3
e5 9. d5 Nc5 10. b4 Nxd3 11. Qxd3 h6 12. Rd1 Ne8 13. Bb2 f5 14. Rd2 fxe4 15.
Nxe4 Bf5 16. Re1 Bxe4 17. Qxe4 Nf6 18. Qxg6 cxd5 19. cxd5 Qe8 20. Qg3 Qb5 21.
a3 Rac8 22. Nh4 Nh5 23. Qg6 Nf6 24. Nf5 Qd7 25. f4 Kh8 26. fxe5 dxe5 27. Rxe5
Ng8 28. Re7 1-0

[Event "Lichtenberger Sommer 2016"]
[Site "?"]
[Date "2016.08.15"]
[Round "3.88"]
[White "Ho, Ngoc Hai-Dang"]
[Black "Caglar, Ertan"]
[Result "1-0"]
[WhiteElo "1242"]
[BlackElo "1626"]
[PlyCount "66"]
[EventDate "2016.??.??"]
[WhiteTeam "SF Friedrichshagen"]
[BlackTeam "SW Lichtenrade"]

1. e4 c5 2. Nf3 Nc6 3. d4 cxd4 4. Nxd4 g6 5. Nc3 Bg7 6. Be3 a6 7. Be2 Nf6 8.
O-O d6 9. f4 O-O 10. Qd2 Bg4 11. e5 dxe5 12. Nxc6 bxc6 13. fxe5 Bxe2 14. exf6
Bxf1 15. fxg7 Kxg7 16. Rxf1 Qxd2 17. Bxd2 Rfd8 18. Ne4 f6 19. Bc3 Rd5 20. h4 h6
21. g4 g5 22. h5 Rf8 23. Ng3 Rf7 24. Nf5+ Kh7 25. Re1 e5 26. Kf2 a5 27. Ke2
Rfd7 28. Ng3 a4 29. Ne4 Kg7 30. Rf1 Rf7 31. Ng3 a3 32. Nf5+ Kh7 33. b3 Rb5 1-0

[Event "Lichtenberger Sommer 2016"]
[Site "?"]
[Date "2016.08.15"]
[Round "3.89"]
[White "Richter, Robert"]
[Black "Fischer, Josef"]
[Result "1/2-1/2"]
[WhiteElo "1542"]
[BlackElo "1386"]
[PlyCount "79"]
[EventDate "2016.??.??"]
[WhiteTeam "SV Rüdersdorf"]
[BlackTeam "SK Kriegshaber"]

1. e4 e6 2. d4 d5 3. Nd2 c5 4. exd5 Qxd5 5. Bb5+ Bd7 6. Bxd7+ Nxd7 7. Ngf3 cxd4
8. Nb3 Qe4+ 9. Kf1 e5 10. g3 Rc8 11. Kg2 Qxc2 12. Qxc2 Rxc2 13. Re1 Bb4 14.
Nbxd4 Bxe1 15. Nxc2 Ba5 16. Be3 a6 17. Rc1 Ne7 18. b4 Bd8 19. Na1 Nd5 20. Bd2
O-O 21. Nxe5 Nxe5 22. Rc5 Bf6 23. Rxd5 Nc4 24. Nb3 Nxd2 25. Rxd2 Bc3 26. Rd7
Rb8 27. a3 Bb2 28. a4 b5 29. a5 Ra8 30. Nc5 Bc3 31. Nxa6 g6 32. Rd6 Be5 33. Rd5
Bc3 34. Rd6 Kf8 35. Nc7 Bxb4 36. Rb6 Rxa5 37. Nxb5 Bc5 38. Rb8+ Kg7 39. Nc3 Bd4
40. Ne2 1/2-1/2

[Event "Lichtenberger Sommer 2016"]
[Site "?"]
[Date "2016.08.15"]
[Round "3.90"]
[White "Pöltelt, Helmut"]
[Black "Paris, Gerhard"]
[Result "1-0"]
[WhiteElo "1749"]
[BlackElo "1486"]
[PlyCount "63"]
[EventDate "2016.??.??"]
[WhiteTeam "SC Eintracht Berlin"]
[BlackTeam "TSG Oberschöneweide"]

1. e4 e5 2. Nf3 d6 3. d4 exd4 4. Nxd4 g6 5. Nc3 Bg7 6. Be3 Nf6 7. Be2 b6 8. f3
Bd7 9. Qd2 Nc6 10. Nxc6 Bxc6 11. O-O-O Qd7 12. g4 h6 13. h4 O-O-O 14. Ba6+ Kb8
15. Qe2 Nxg4 16. fxg4 Bxc3 17. bxc3 Bxe4 18. Rhg1 Qa4 19. Kb1 Rde8 20. Bd3 Bd5
21. Kc1 Qc6 22. Bb5 Rxe3 23. Qxe3 Qxb5 24. Qd4 Re8 25. Qxd5 Qd7 26. Rde1 Rxe1+
27. Rxe1 c6 28. Qf3 Kc7 29. g5 h5 30. Qf6 Kc8 31. Re7 Qg4 32. Qh8# 1-0

[Event "Lichtenberger Sommer 2016"]
[Site "?"]
[Date "2016.08.15"]
[Round "3.91"]
[White "Wolfram, Mike"]
[Black "Mueller, Jörg René"]
[Result "1-0"]
[WhiteElo "1556"]
[BlackElo "1557"]
[PlyCount "57"]
[EventDate "2016.??.??"]
[WhiteTeam "Lok Pritzwalk"]
[BlackTeam "SC Zugzwang 95 (Berlin)"]

1. d4 Nf6 2. c4 e6 3. Nc3 g6 4. e4 b6 5. e5 Ng8 6. Nf3 Bb7 7. d5 Qc8 8. Be3 Ne7
9. Bg5 d6 10. Bf6 Rg8 11. Nb5 Qd7 12. dxe6 fxe6 13. exd6 c6 14. Nc7+ Kf7 15.
Ne5+ Kxf6 16. Nxd7+ Nxd7 17. Nxa8 Bxa8 18. dxe7 Kxe7 19. Qd2 Bg7 20. O-O-O Rd8
21. Qd6+ Ke8 22. Qxe6+ Kf8 23. Rxd7 Rxd7 24. Qxd7 c5 25. Bd3 Bxg2 26. Re1 Bh6+
27. Kc2 Kg8 28. Re8+ Bf8 29. Qe7 1-0

[Event "Lichtenberger Sommer 2016"]
[Site "?"]
[Date "2016.08.15"]
[Round "3.92"]
[White "Schwager, Thomas"]
[Black "Raasch, Hauke"]
[Result "1-0"]
[WhiteElo "1632"]
[BlackElo "1269"]
[PlyCount "77"]
[EventDate "2016.??.??"]
[WhiteTeam "SC Friesen Lichtenberg"]
[BlackTeam "SC Eintracht Berlin"]

1. d4 d5 2. c4 e6 3. Nc3 Nf6 4. cxd5 exd5 5. Bg5 Nbd7 6. Qb3 c6 7. e4 Qa5 8.
Bd2 Bb4 9. a3 Bxc3 10. Bxc3 Qc7 11. e5 Ne4 12. Bd3 Nxc3 13. bxc3 O-O 14. Nf3
Nb6 15. O-O Bg4 16. Qc2 Bxf3 17. gxf3 h6 18. Kh1 Qd7 19. Bf5 Qd8 20. Rg1 Qh4
21. Rg4 Qe7 22. Rag1 f6 23. Be6+ Kh8 24. Qg6 fxe5 25. Bf5 Rxf5 26. Qxf5 Rf8 27.
Qxe5 Qxe5 28. dxe5 Rf7 29. e6 Re7 30. Re1 Nc4 31. a4 Nd2 32. Rf4 Kg8 33. Kg2 a5
34. h4 b5 35. axb5 cxb5 36. Rd4 Nc4 37. Rxd5 a4 38. Rd8+ Kh7 39. Rd7 1-0

[Event "Lichtenberger Sommer 2016"]
[Site "?"]
[Date "2016.08.15"]
[Round "3.93"]
[White "Kramer, Ralf"]
[Black "Gutewort, Paul Emil"]
[Result "1-0"]
[WhiteElo "1559"]
[BlackElo "1578"]
[PlyCount "71"]
[EventDate "2016.??.??"]
[WhiteTeam "SK Zehlendorf"]
[BlackTeam "SF Nordost Berlin"]

1. e4 e5 2. f4 d6 3. Nf3 Nc6 4. Bb5 Bg4 5. h3 Bxf3 6. Bxc6+ bxc6 7. Qxf3 exf4
8. Qxf4 g6 9. O-O Qe7 10. d3 Bg7 11. c3 Nf6 12. Bd2 Rb8 13. b3 O-O 14. Na3 d5
15. Nc2 dxe4 16. Rae1 Nd5 17. Qxe4 Qxe4 18. Rxe4 Bxc3 19. Bh6 Rfe8 20. Rc4 Re2
21. Rf2 Rxf2 22. Kxf2 Rb6 23. Re4 Nf6 24. Re7 Rb7 25. g4 g5 26. Bxg5 Nd5 27.
Re8+ Kg7 28. Kf3 h6 29. Bc1 Bb4 30. Nd4 Nc3 31. Nf5+ Kh7 32. Bxh6 Nxa2 33. Bg7
Bd6 34. Rh8+ Kg6 35. Rh6+ Kg5 36. h4# 1-0

[Event "Lichtenberger Sommer 2016"]
[Site "?"]
[Date "2016.08.15"]
[Round "3.94"]
[White "Baumgaertner, Andre"]
[Black "Chung, Nicholas"]
[Result "0-1"]
[WhiteElo "1724"]
[BlackElo "1402"]
[PlyCount "108"]
[EventDate "2016.??.??"]
[WhiteTeam "SC Friesen Lichtenberg"]
[BlackTeam "TuS Makkabi Berlin"]

1. d4 d5 2. c4 e6 3. Nc3 Nf6 4. Bg5 Nbd7 5. e3 c6 6. Nf3 Bd6 7. Bd3 h6 8. Bh4
O-O 9. O-O Re8 10. Bg3 Bxg3 11. hxg3 e5 12. dxe5 Nxe5 13. cxd5 Nxd5 14. Nxd5
Qxd5 15. Be2 Nxf3+ 16. Bxf3 Qe5 17. Qb3 Qe6 18. Qb4 Qe7 19. Qf4 Be6 20. Rfd1
Red8 21. Rd4 Rxd4 22. Qxd4 Qd7 23. Qa4 a6 24. Rd1 Qc7 25. b3 Rd8 26. Rd4 Rxd4
27. Qxd4 Qa5 28. Qb2 Bd5 29. Bxd5 Qxd5 30. Qc2 Qa5 31. Kf1 Qb5+ 32. Ke1 Qa5+
33. Ke2 Qb5+ 34. Qd3 Qxd3+ 35. Kxd3 Kf8 36. Kd4 b6 37. Ke5 Ke7 38. f4 g6 39. g4
f6+ 40. Ke4 Ke6 41. f5+ gxf5+ 42. gxf5+ Kd6 43. Kf4 h5 44. g3 Ke7 45. Ke4 Kd6
46. Kd4 Ke7 47. b4 Kd6 48. e4 c5+ 49. bxc5+ bxc5+ 50. Kc4 Ke5 51. Kxc5 Kxe4 52.
Kb6 Kf3 53. Kxa6 Kxg3 54. a4 h4 0-1

[Event "Lichtenberger Sommer 2016"]
[Site "?"]
[Date "2016.08.15"]
[Round "3.95"]
[White "Caglar, Erdal"]
[Black "Fock, Amina"]
[Result "0-1"]
[WhiteElo "1520"]
[BlackElo "1511"]
[PlyCount "116"]
[EventDate "2016.??.??"]
[WhiteTeam "SW Lichtenrade"]
[BlackTeam "SK International Berlin"]

1. Nf3 d5 2. g3 Nf6 3. Bg2 e6 4. d3 Be7 5. O-O O-O 6. Nbd2 Nbd7 7. Re1 Re8 8.
e4 Nf8 9. e5 N6d7 10. d4 c5 11. c3 Qb6 12. Qe2 Nb8 13. h4 Nc6 14. Nb3 Bd7 15.
Qc2 Rac8 16. Be3 cxd4 17. Nbxd4 Nxd4 18. Bxd4 Bc5 19. Qd2 Bxd4 20. Nxd4 Bc6 21.
h5 Nd7 22. b4 Ba4 23. g4 Qc7 24. Qf4 Nf8 25. g5 Qd8 26. Re3 g6 27. hxg6 Nxg6
28. Qg4 Qe7 29. Rh3 Qf8 30. Re1 Qg7 31. Ree3 a6 32. f4 Bd7 33. Rh5 Rcd8 34.
Reh3 Rc8 35. Rxh7 Qxh7 36. Rxh7 Kxh7 37. Qh3+ Kg8 38. Ne2 Bb5 39. Bf1 Bxe2 40.
Bxe2 Nxf4 41. Qf3 Nxe2+ 42. Qxe2 Rxc3 43. Qf2 Rc1+ 44. Kg2 Rec8 45. Qf6 R1c2+
46. Kg3 R8c3+ 47. Kg4 Rg2+ 48. Kh4 Rc8 49. Kh3 Rg1 50. Kh2 Rd1 51. Qf2 Rc6 52.
Qg2 Rcc1 53. Qe2 Rh1+ 54. Kg2 Rcg1+ 55. Kf3 Rxg5 56. Qc2 Rf1+ 57. Ke3 Rg3+ 58.
Kd4 Rg4+ 0-1

[Event "Lichtenberger Sommer 2016"]
[Site "?"]
[Date "2016.08.15"]
[Round "3.96"]
[White "Gläsmann, Christian"]
[Black "Verbitsky, Jaroslaw"]
[Result "0-1"]
[WhiteElo "1518"]
[BlackElo "1551"]
[PlyCount "46"]
[EventDate "2016.??.??"]
[WhiteTeam "SC Erkrath"]
[BlackTeam "SV Mattnetz Berlin"]

1. e4 c6 2. Nf3 d5 3. exd5 cxd5 4. d4 Bg4 5. Nc3 e6 6. Bf4 Nc6 7. Nb5 Rc8 8.
Be2 a6 9. Nc3 Bxf3 10. Bxf3 Qb6 11. Na4 Qxd4 12. Qxd4 Nxd4 13. O-O Nxf3+ 14.
gxf3 Rc4 15. Be3 Rxa4 16. b3 Ra5 17. a4 d4 18. Bxd4 Rd5 19. Rad1 Nf6 20. c4 Rd7
21. Rfe1 Bb4 22. Rf1 O-O 23. Kh1 Rfd8 0-1

[Event "Lichtenberger Sommer 2016"]
[Site "?"]
[Date "2016.08.15"]
[Round "3.97"]
[White "Wahner, Eberhard"]
[Black "Dittrich, Hans-Juergen"]
[Result "1-0"]
[WhiteElo "1511"]
[BlackElo "1345"]
[PlyCount "57"]
[EventDate "2016.??.??"]
[WhiteTeam "SC Eintracht Berlin"]
[BlackTeam "vereinslos"]

1. c4 Nf6 2. Nc3 b6 3. Nf3 Bb7 4. g3 d6 5. d4 e6 6. Bg2 Be7 7. O-O O-O 8. Re1
Nbd7 9. e4 d5 10. cxd5 exd5 11. exd5 Nxd5 12. Nxd5 Bxd5 13. Bf4 Nf6 14. a3 Qd7
15. Rc1 Rfe8 16. Rxc7 Qd8 17. Rc1 Rc8 18. Qa4 Rxc1 19. Rxc1 Qd7 20. Qd1 Bf8 21.
Rc7 Qb5 22. b4 a5 23. bxa5 Qxa5 24. Rc1 Bxa3 25. Ra1 Qc3 26. Bd2 Qd3 27. Ne1
Qa6 28. Bf1 Qa7 29. Bb4 1-0

[Event "Lichtenberger Sommer 2016"]
[Site "?"]
[Date "2016.08.15"]
[Round "3.98"]
[White "Geist, Wolfgang"]
[Black "Möller, Dirk"]
[Result "0-1"]
[WhiteElo "1447"]
[BlackElo "1577"]
[PlyCount "110"]
[EventDate "2016.??.??"]
[WhiteTeam "SC Weisse Dame (Berlin)"]
[BlackTeam "SC Kreuzberg"]

1. Nf3 Nf6 2. d4 d5 3. e3 Bf5 4. Be2 e6 5. O-O Bd6 6. Nbd2 Nbd7 7. c3 c5 8. Re1
c4 9. h3 Ne4 10. Nxe4 Bxe4 11. Nd2 Nf6 12. Bf3 Bg6 13. Qa4+ Nd7 14. e4 dxe4 15.
Bxe4 Bxe4 16. Nxe4 Bc7 17. Nc5 Qc8 18. Nxd7 Qxd7 19. Qxd7+ Kxd7 20. b4 b5 21.
g3 h6 22. Bf4 Bd8 23. a4 g5 24. Be3 Kc6 25. a5 Bc7 26. Kg2 Rag8 27. Re2 f5 28.
Bd2 Kd5 29. Rae1 Rg6 30. f3 h5 31. Rf1 f4 32. g4 hxg4 33. hxg4 Rgh6 34. Rg1
Rh2+ 35. Kf1 R8h3 36. Rxh2 Rxh2 37. Ke1 e5 38. dxe5 Bxe5 39. Rf1 Rh6 40. Rf2
Re6 41. Re2 Rh6 42. Rf2 a6 43. Ke2 Bb8 44. Kd1 Ba7 45. Re2 Rh3 46. Re7 Bb8 47.
Rd7+ Ke6 48. Rb7 Bd6 49. Rb6 Rxf3 50. Rxa6 Rg3 51. Rb6 f3 52. Rxb5 Rg1+ 53. Kc2
f2 54. Rxg5 f1=Q 55. Rg6+ Kd5 0-1

[Event "Lichtenberger Sommer 2016"]
[Site "?"]
[Date "2016.08.15"]
[Round "3.99"]
[White "Wilke, Hans-Peter"]
[Black "Eichstädt, Torsten"]
[Result "1-0"]
[WhiteElo "1613"]
[BlackElo "1346"]
[PlyCount "135"]
[EventDate "2016.??.??"]
[WhiteTeam "Läufer Reinickendorf"]
[BlackTeam "SC Friesen Lichtenberg"]

1. b4 e5 2. Bb2 Bxb4 3. Bxe5 Nf6 4. e3 O-O 5. Nf3 d5 6. c4 c6 7. Be2 Nbd7 8.
Bb2 dxc4 9. Bxc4 b5 10. Be2 Nb6 11. Nc3 Qd6 12. h3 Be6 13. O-O Nc4 14. Bxc4
Bxc4 15. Re1 Bd3 16. a4 a6 17. Na2 Nd5 18. Nxb4 Nxb4 19. Ba3 c5 20. Bxb4 cxb4
21. Nd4 Rac8 22. axb5 axb5 23. Qf3 Qg6 24. Rec1 Rxc1+ 25. Rxc1 Be4 26. Qg4 Qxg4
27. hxg4 Bd3 28. Rc5 Rb8 29. Nc6 b3 30. Nxb8 f6 31. Rc1 b2 32. Re1 b1=Q 33.
Rxb1 Bxb1 34. Nc6 Kf7 35. Nb4 Ke6 36. d4 Kd6 37. Kf1 Be4 38. f3 Bc6 39. Ke2 Kc7
40. d5 Bd7 41. e4 Kb6 42. Kd3 Ka5 43. Kc3 Ka4 44. Nd3 Ka3 45. Nb4 Ka4 46. Na6
Ka5 47. Nc5 b4+ 48. Kb3 Bc8 49. d6 Kb5 50. d7 Bxd7 51. Nxd7 Kc6 52. Nf8 Kc5 53.
Ne6+ Kb5 54. Nxg7 Kc5 55. Nf5 Kb5 56. g3 Kc5 57. f4 h6 58. Nxh6 Kd4 59. g5 fxg5
60. fxg5 Ke5 61. Kxb4 Ke6 62. Kc4 Ke5 63. Kc5 Ke6 64. Kd4 Ke7 65. Ke5 Ke8 66.
Ke6 Kf8 67. Kf6 Ke8 68. g6 1-0

[Event "Lichtenberger Sommer 2016"]
[Site "?"]
[Date "2016.08.15"]
[Round "3.100"]
[White "Motsch, Sebastian"]
[Black "David, Daniel"]
[Result "0-1"]
[WhiteElo "1036"]
[BlackElo "1445"]
[PlyCount "42"]
[EventDate "2016.??.??"]
[WhiteTeam "Ludwigsfelder SC"]
[BlackTeam "SC Erkrath"]

1. e4 e5 2. Nf3 Nf6 3. Nc3 Nc6 4. Bc4 h6 5. O-O d6 6. h3 a6 7. d4 exd4 8. Nxd4
Nxd4 9. Qxd4 b5 10. Bb3 c5 11. Bxf7+ Kxf7 12. Qe3 b4 13. Ne2 Bb7 14. Ng3 Qe8
15. f3 Qe6 16. b3 Qe5 17. Nf5 Qxa1 18. f4 Bxe4 19. Bd2 Qxa2 20. c4 Bxf5 21. Re1
Re8 0-1

[Event "Lichtenberger Sommer 2016"]
[Site "?"]
[Date "2016.08.15"]
[Round "3.101"]
[White "Bastian, Reinhard"]
[Black "Lieger, Lucas"]
[Result "1-0"]
[WhiteElo "1441"]
[BlackElo "1239"]
[PlyCount "59"]
[EventDate "2016.??.??"]
[WhiteTeam "vereinslos"]
[BlackTeam "SC Eintracht Berlin"]

1. e4 d5 2. exd5 Qxd5 3. Nc3 Qa5 4. d4 c6 5. Bc4 Bf5 6. Bd2 Qc7 7. Qe2 e6 8.
O-O-O Be7 9. Nf3 h6 10. Rhe1 Nf6 11. h3 O-O 12. Ne5 Nbd7 13. g4 Bh7 14. Nxf7
Rxf7 15. Qxe6 Raf8 16. Qxe7 Bg6 17. Bxf7+ Bxf7 18. Qe2 Re8 19. Qd3 Rxe1 20.
Rxe1 Qh2 21. Qg3 Qxg3 22. fxg3 Ne8 23. g5 hxg5 24. Bxg5 Nd6 25. b3 a6 26. Ne4
Nxe4 27. Rxe4 Bg6 28. Re7 Nf8 29. Rxb7 Ne6 30. Be3 1-0

[Event "Lichtenberger Sommer 2016"]
[Site "?"]
[Date "2016.08.15"]
[Round "3.102"]
[White "Hoffmann, Kay"]
[Black "Fock, Sana"]
[Result "0-1"]
[WhiteElo "984"]
[BlackElo "1581"]
[PlyCount "66"]
[EventDate "2016.??.??"]
[WhiteTeam "SC Eintracht Berlin"]
[BlackTeam "SK International Berlin"]

1. e4 d5 2. exd5 Qxd5 3. Nc3 Qd6 4. Nf3 Bg4 5. Be2 Nf6 6. d4 e6 7. Bg5 c6 8.
Qd2 Qc7 9. O-O-O Bd6 10. h3 Bh5 11. Kb1 Nbd7 12. Rhe1 O-O-O 13. Be3 Nb6 14. g4
Bg6 15. Bd3 Bxd3 16. Qxd3 Nbd5 17. Nxd5 Nxd5 18. Bg5 Nf4 19. Bxd8 Nxd3 20. Bxc7
Nxe1 21. Bxd6 Nxf3 22. a3 Rd8 23. Bc5 b6 24. Rd3 Ne1 25. Be7 Nxd3 26. Bxd8 Nxf2
27. Bh4 Nxh3 28. b4 f5 29. gxf5 exf5 30. Kc1 g5 31. Be1 g4 32. Bh4 f4 33. Kd1
g3 0-1

[Event "Lichtenberger Sommer 2016"]
[Site "?"]
[Date "2016.08.15"]
[Round "3.103"]
[White "Koerber, Bernhard"]
[Black "Lange, Malina"]
[Result "0-1"]
[WhiteElo "1567"]
[BlackElo "795"]
[PlyCount "50"]
[EventDate "2016.??.??"]
[WhiteTeam "Lasker Steglitz-Wilmersdorf"]
[BlackTeam "TuS Makkabi Berlin"]

1. e4 e5 2. Nf3 Nc6 3. Bb5 d6 4. d4 Bd7 5. Nc3 Qe7 6. Nd5 Qd8 7. dxe5 Nxe5 8.
Bxd7+ Qxd7 9. O-O O-O-O 10. a4 Be7 11. b4 Nf6 12. Re1 Qe6 13. Ng5 Qd7 14. f4
Nxd5 15. exd5 Bxg5 16. fxe5 h6 17. c4 dxe5 18. Bxg5 hxg5 19. Rxe5 Qd6 20. Qd4
Qxb4 21. Qxa7 Qxc4 22. Qa8+ Kd7 23. Qxb7 Qd4+ 24. Kf1 Qxa1+ 25. Re1 Qxa4 0-1